000 00432nam a2200145 i 4500
001 82447
003 ES-MaACL
007 t|
008 041110q1954 sp ||||1| spa d
100 1 _aIbarz Aznárez, José.
_964981
245 1 0 _aProblemas de Química general /
_cpor José Ibarz Aznárez.
260 _aBarcelona :
_bManuel Marín,
_c[1954?] (
_fGrijelmo)
300 _aXI, 347 p. ;
_c20 cm.
852 _aES-MaACL
_jE-908
_bR.44744
999 _c82447
_d82447